[Event "Dortmund1"]
[Site "Dortmund"]
[Date "2006.04.25"]
[Round "1"]
[White "Skoecz, Horst"]
[Black "Gennat, Egon Leopold"]
[Result "0-1"]
[WhiteElo "1456"]
[BlackElo "1380"]
[PlyCount "149"]
[EventDate "2006.10.15"]
[EventType "swiss"]
[EventRounds "9"]
[EventCountry "GER"]
[SourceTitle "EXT 2007"]
[Source "ChessBase"]
[SourceDate "2006.11.23"]
[SourceVersion "1"]
[SourceVersionDate "2006.11.23"]
[SourceQuality "1"]

1. e4 e6 2. d4 d5 3. e5 c5 4. c3 cxd4 5. cxd4 Bb4+ 6. Bd2 Nc6 7. Bb5 Bxd2+ 8. Qxd2 Bd7 9. Bxc6 Bxc6 10. Nf3 Ne7 11. 0-0 Rc8 12. Nc3 a6 13. Rfe1 Nf5 14. a4 0-0 15. Qf4 Bd7 16. g4 Nh4 17. Nxh4 Qxh4 18. Qg3 Qxg3+ 19. hxg3 Rc4 20. Red1 Rfc8 21. f4 Rb4 22. Rd2 Rcc4 23. Kf2 Rxd4 24. Rxd4 Rxd4 25. Ke3 Rb4 26. Kd3 Rxb2 27. f5 Rg2 28. Ne2 exf5 29. Rc1 Bc6 30. gxf5 Kf8 31. Ke3 Ke7 32. Re1 Bxa4 33. Kf4 Bb5 34. Nc3 Bc6 35. Rd1 Rf2+ 36. Kg4 h5+ 37. Kg5 f6+ 38. exf6+ gxf6+ 39. Kxh5 Rxf5+ 40. Kh4 Ke6 41. Ne2 Kd6 42. Nf4 b5 43. Ne2 Rf2 44. Nc3 Kc5 45. Rc1 Kb4 46. Nd1 Rh2+ 47. Kg4 Bd7+ 48. Kf3 Rh1 49. Kg2 Re1 50. Kf2 Re5 51. Rc7 Bg4 52. Ne3 f5 53. Rc6 d4 54. Nc2+ Ka5 55. Nxd4 Rd5 56. Ke3 Re5+ 57. Kd3 Rd5 58. Ke3 b4 59. Rc1 Bh5 60. Rb1 Bg6 61. Nc6+ Kb5 62. Rc1 a5 63. Nd4+ Rxd4 64. Kxd4 Bf7 65. Rc5+ Ka4 66. Rxf5 Bg6 67. Rf2 b3 68. Rb2 Kb4 69. Rf2 a4 70. Rf4 b2 71. Ke5+ Kb3 72. Rf3+ Ka2 73. Rf2 Ka1 74. Rxb2 Kxb2 75. Kf6 0-1

[Event "Dortmund op"]
[Site "Dortmund"]
[Date "2006.03.13"]
[Round "4.27"]
[White "Wengelnik, Erwin"]
[Black "Skoecz, Horst"]
[Result "0-1"]
[WhiteElo "1238"]
[BlackElo "1456"]
[PlyCount "100"]
[EventDate "2006.03.06"]
[EventType "swiss"]
[EventRounds "9"]
[EventCountry "GER"]
[SourceTitle "CBM 111 Extra"]
[Source "ChessBase"]
[SourceDate "2006.05.09"]
[SourceVersion "1"]
[SourceVersionDate "2006.05.09"]
[SourceQuality "1"]

1. d4 e6 2. Nf3 h6 3. c3 Nf6 4. Bf4 d6 5. h3 Bd7 6. Qc2 Bc6 7. Nbd2 a6 8. e3 Be7 9. Bh2 Nbd7 10. Bd3 Nb6 11. 0-0 Nbd5 12. e4 Nb6 13. Rfe1 g5 14. e5 Nh5 15. Be4 Qd7 16. exd6 cxd6 17. Qb3 Nd5 18. c4 Ndf4 19. d5 Ba4 20. Qc3 Bf6 21. Qc1 b5 22. b3 Bxa1 23. Qxa1 Rg8 24. bxa4 e5 25. Qb2 Nxh3+ 26. Kf1 N3f4 27. cxb5 Rb8 28. Qc2 axb5 29. Qc6 bxa4 30. Qxd7+ Kxd7 31. Rb1 Ng7 32. Bxf4 Rxb1+ 33. Bxb1 exf4 34. Ne4 Rb8 35. Nc3 Rb2 36. Nd4 h5 37. Nde2 h4 38. Kg1 Kc7 39. Kh2 f5 40. Kh3 Kd7 41. f3 Ke7 42. Nd4 Kf6 43. Ndb5 g4+ 44. Kh2 gxf3 45. Kg1 Rxg2+ 46. Kf1 Ke5 47. Nd1 h3 48. Nf2 h2 49. Nd3+ Kf6 50. Nxf4 h1Q# 0-1

[Event "Dortmund ABC Serie A-23"]
[Site "Dortmund"]
[Date "2005.05.06"]
[Round "6"]
[White "Skoecz, Horst"]
[Black "Gegner, Michael"]
[Result "1/2-1/2"]
[WhiteElo "1448"]
[BlackElo "1466"]
[PlyCount "29"]
[EventDate "2005.04.13"]
[EventType "tourn"]
[EventRounds "13"]
[EventCountry "GER"]
[SourceTitle "EXT 2007"]
[Source "ChessBase"]
[SourceDate "2006.11.23"]
[SourceVersion "1"]
[SourceVersionDate "2006.11.23"]
[SourceQuality "1"]

1. e4 e5 2. Nc3 Nc6 3. Nf3 f5 4. d3 fxe4 5. Nxe4 Nf6 6. Bg5 Be7 7. Bxf6 Bxf6 8. Qd2 0-0 9. c3 Be7 10. Be2 d5 11. Ng3 Bg4 12. Qd1 Qd7 13. Nd2 Be6 14. Bf3 Rf6 15. h3 1/2-1/2

[Event "Dortmund-ch"]
[Site "Dortmund"]
[Date "2005.03.17"]
[Round "9"]
[White "Skoecz, Horst"]
[Black "Morgenroth, Hubertus"]
[Result "1/2-1/2"]
[WhiteElo "1455"]
[BlackElo "1724"]
[PlyCount "65"]
[EventDate "2005.02.28"]
[EventType "swiss"]
[EventRounds "9"]
[EventCountry "GER"]
[SourceTitle "CBM 105 Extra"]
[Source "ChessBase"]
[SourceDate "2005.05.01"]
[SourceVersion "1"]
[SourceVersionDate "2005.05.01"]
[SourceQuality "1"]

1. e4 e5 2. Nf3 Nc6 3. Bc4 Be7 4. d4 exd4 5. Nxd4 Nf6 6. Nxc6 dxc6 7. Bd3 Bg4 8. f3 Be6 9. Be3 Nd7 10. c3 Nc5 11. Bxc5 Bxc5 12. Qe2 Qg5 13. Nd2 0-0-0 14. b4 Be3 15. Nf1 Bb6 16. a4 a5 17. h4 Qe5 18. Qc2 axb4 19. Rc1 bxc3 20. g3 Qc5 21. Rh2 Rxd3 22. Qxd3 Bc4 23. Qe3 Qb4 24. Qg5 Rd8 25. Rhc2 Qxa4 26. Qxg7 Bd3 27. Rxc3 Ba5 28. Nd2 Bxc3 29. Qxc3 Qd4 30. Qxd4 Rxd4 31. Kf2 Kd7 32. Rc5 h6 33. Ke3 1/2-1/2

[Event "Dortmund-ch"]
[Site "Dortmund"]
[Date "2005.03.01"]
[Round "2"]
[White "Ziemek, Gerhard"]
[Black "Skoecz, Horst"]
[Result "1-0"]
[WhiteElo "1694"]
[BlackElo "1455"]
[PlyCount "55"]
[EventDate "2005.02.28"]
[EventType "swiss"]
[EventRounds "9"]
[EventCountry "GER"]
[SourceTitle "CBM 105 Extra"]
[Source "ChessBase"]
[SourceDate "2005.05.01"]
[SourceVersion "1"]
[SourceVersionDate "2005.05.01"]
[SourceQuality "1"]

1. d4 e6 2. c4 c5 3. d5 Qc7 4. Nc3 a6 5. e4 Be7 6. Nf3 d6 7. Be2 e5 8. 0-0 Nd7 9. Ng5 Bxg5 10. Bxg5 Ndf6 11. f4 Qa5 12. fxe5 dxe5 13. a3 Bd7 14. Rb1 b5 15. cxb5 axb5 16. Qd3 c4 17. Qg3 Qc7 18. Bxf6 Nxf6 19. Qxg7 0-0-0 20. Qxf6 Qc5+ 21. Kh1 Rdg8 22. Rbc1 Qf8 23. Qa6+ Kd8 24. Qb6+ Ke7 25. d6+ Ke6 26. Nxb5 Bxb5 27. Qxb5 Qxd6 28. Bxc4+ 1-0

[Event "Dortmund2"]
[Site "Dortmund"]
[Date "2003.05.21"]
[Round "11"]
[White "Schrimpl, Michael"]
[Black "Skoecz, Horst"]
[Result "1-0"]
[WhiteElo "1394"]
[BlackElo "1370"]
[PlyCount "61"]
[EventDate "2003.03.26"]
[EventType "tourn"]
[EventRounds "13"]
[EventCountry "GER"]
[SourceTitle "EXT 2007"]
[Source "ChessBase"]
[SourceDate "2006.11.23"]
[SourceVersion "1"]
[SourceVersionDate "2006.11.23"]
[SourceQuality "1"]

1. c4 Nc6 2. d4 e5 3. d5 Nd4 4. e3 Nf5 5. Nf3 d6 6. Nc3 Be7 7. Be2 Nh4 8. Nxh4 Bxh4 9. 0-0 Be7 10. e4 Nf6 11. b4 Bd7 12. a4 c6 13. Be3 Qc8 14. h3 a6 15. Qd2 a5 16. dxc6 bxc6 17. b5 0-0 18. f4 Bxh3 19. gxh3 Qxh3 20. Rf2 Ng4 21. Bxg4 Qxg4+ 22. Rg2 Qe6 23. Qe2 exf4 24. Bxf4 Bf6 25. Rc1 cxb5 26. Nxb5 Qd7 27. Qh5 g6 28. Kf2 Kh8 29. Qh2 Qc6 30. Rh1 h5 31. Qxh5+ 1-0

[Event "Dortmund2"]
[Site "Dortmund"]
[Date "2003.05.02"]
[Round "7"]
[White "Skoecz, Horst"]
[Black "Krueger, Inge"]
[Result "0-1"]
[WhiteElo "1370"]
[BlackElo "1348"]
[PlyCount "74"]
[EventDate "2003.03.26"]
[EventType "tourn"]
[EventRounds "13"]
[EventCountry "GER"]
[SourceTitle "EXT 2007"]
[Source "ChessBase"]
[SourceDate "2006.11.23"]
[SourceVersion "1"]
[SourceVersionDate "2006.11.23"]
[SourceQuality "1"]

1. e4 e6 2. d4 d5 3. exd5 exd5 4. c3 Nf6 5. Bg5 Be7 6. Bxf6 Bxf6 7. Qe2+ Be6 8. Qb5+ Nd7 9. Nf3 Rb8 10. Be2 0-0 11. Qd3 Re8 12. 0-0 Nf8 13. Bd1 Qd7 14. Bc2 Bg4 15. Nbd2 Bh5 16. Nb3 Bg6 17. Qd1 Bh5 18. Nc5 Qd6 19. Ba4 c6 20. Nd3 Re7 21. Re1 Rbe8 22. Qd2 Bxf3 23. Rxe7 Rxe7 24. gxf3 Ng6 25. Bd1 Qd7 26. Nc5 Qh3 27. Qd3 Nf4 28. Qf1 Re1 29. Be2 Rxf1+ 30. Bxf1 Qxf3 31. Re1 g6 32. Re3 Qg4+ 33. Kh1 Bh4 34. h3 Qd1 35. Kg1 Qd2 36. Rf3 Ne2+ 37. Kg2 Qg5+ 0-1

[Event "Dortmund2"]
[Site "Dortmund"]
[Date "2003.04.26"]
[Round "6"]
[White "Wolff, Holger"]
[Black "Skoecz, Horst"]
[Result "1-0"]
[WhiteElo "1484"]
[BlackElo "1370"]
[PlyCount "93"]
[EventDate "2003.03.26"]
[EventType "tourn"]
[EventRounds "13"]
[EventCountry "GER"]
[SourceTitle "EXT 2007"]
[Source "ChessBase"]
[SourceDate "2006.11.23"]
[SourceVersion "1"]
[SourceVersionDate "2006.11.23"]
[SourceQuality "1"]

1. c4 c5 2. Nc3 e6 3. Nf3 Nc6 4. g3 Be7 5. Bg2 Nf6 6. 0-0 d5 7. cxd5 exd5 8. d4 cxd4 9. Nxd4 Nxd4 10. Qxd4 Be6 11. Rd1 Qa5 12. Bg5 Rd8 13. Qa4+ Qxa4 14. Nxa4 b5 15. Nc3 a6 16. Rac1 0-0 17. a3 h6 18. Bf4 g5 19. Be5 Ng4 20. Bd4 Nf6 21. Na2 Rc8 22. Rxc8 Rxc8 23. Rc1 Ne4 24. Rxc8+ Bxc8 25. Nc3 Nxc3 26. Bxc3 Be6 27. e3 f5 28. b4 Kf7 29. Be5 Bf6 30. Bxf6 Kxf6 31. f4 g4 32. Kf2 h5 33. Ke2 Ke7 34. Kd3 Kd6 35. Kd4 Bf7 36. Bf1 Be8 37. Bd3 Bd7 38. Bc2 Bc8 39. a4 Bd7 40. axb5 axb5 41. Bd3 Kc6 42. Ke5 Kc7 43. Kxd5 Bc6+ 44. Ke5 Bd7 45. Bxf5 Bxf5 46. Kxf5 Kd6 47. e4 1-0